| 000 | 01195nam a22002297a 4500 | ||
|---|---|---|---|
| 999 |
_c56797 _d56797 |
||
| 003 | Ge_BSU | ||
| 005 | 20190424150533.0 | ||
| 008 | 190424b1991 ge ||||| |||| 00| 0 geo d | ||
| 020 | _a5505014569. | ||
| 041 | _ageo | ||
| 080 | _a94(479.22) "1160-1219" მ-59 | ||
| 100 |
_aმეტრეველი,როინ _9302 |
||
| 245 |
_aმეფე თამარი : _bეპოქის პოლიტიკურ-კულტურული და სოციალურ-ეკონომიკური მიმოხილვა / _cროინ მეტრეველი ; რეცენზ.: მ. ლორთქიფანიძე, ზ. რატიანი |
||
| 264 |
_aთბილისი : _bგანათლება, _c1991 |
||
| 300 |
_a391 გვ . : _b16 ფ. ილ. _c23 სმ. |
||
| 653 | _aთამარ მეფე | ||
| 653 | _aსაქართველოს ისტორია | ||
| 653 | _aქართველი მეფეები | ||
| 700 |
_a ლორთქიფანიძე , მ. _eრეცენზენტი _9473 |
||
| 700 |
_aრატიანი, ზ _eრეცენზენტი _9474 |
||
| 942 |
_2udc _cBK |
||